000 00617nam a2200217Ia 4500
003 BUBTL
008 151213s9999 xx 000 0 und d
020 _a8120305671
082 _a658.8/ St541s/ 2002
100 _aRichard R. Still & Others
245 _aSales Management Decisions , Strategic & Cases.
_cRichard R. Still & Others
250 _a5th
260 _aNew Delhi
_bPrentice hall
_cc2002
300 _a[xvi],608p. :
_c23cm.
650 _aMarketing
700 _aRichard R. Still & Others
_94367
760 _b5th
856 _k0
_l0
_yDownload
942 _2ddc
_cBK
999 _c1133
_d1133